Çocuklar için ilerleme (Record no. 8787)

MARC details
000 -BAŞLIK
Sabit Uzunlukta Kontrol Alanı 00924na a2200253 4500
001 - KONTROL NUMARASI
Denetim Alanı 22410
003 - KONTROL NUMARASI IDENTIFIER
Denetim Alanı MIRAKIL
005 - SON İŞLEM TARİHİ VE ZAMANI
Denetim Alanı 20181213155224.0
008 - SABİT-BOY VERİ ELEMANLARI - GENEL BİLGİLER
Sabit Uzunlukta Kontrol Alanı 170213b tu 000 0
040 ## - KATALOGLAMA KAYNAK
Orijinal Kataloglama Ajansı Milas
Kataloglama Dili tur
Metne Dönüştürmek Ajansı TR-AnCHP
041 ## - DİL KODU
Metin / Ses Parça Veya Ayrı Başlığın Dil Kodu tur
082 ## - DEWEY ONLU SINIFLANDIRMA NUMARASI
Sınıflandırma Numarası 372.104
Ürün Numarası Ç61 2005
090 ## - SINIFLAMA NUMARASI
Sınıflama Numarası 372.104 Ç61 2005
245 ## - BAŞLIK TABLOSU
Başlık Çocuklar için ilerleme
Başlığın Kalan Toplumsal cinsiyet eşitliği ve ilköğretime ilişkin rapor
Sorumluluk Tablosu, Vb UNICEF
246 ## - UNVAN FORM VARYING
Başlık Doğru / Kısa Başlığı Toplumsal cinsiyet eşitliği ve ilköğretime ilişkin rapor
260 ## - YAYIN, DAĞITIM, VB
Yayın, Dağıtım, Vb Yeri New York
Yayıncı, Dağıtıcı, Vs Adı UNICEF
Yayın, Dağıtım, Vb Tarihi 2005
300 ## - FİZİKSEL TANIM
Kapsam 30 s.
Diğer Fiziksel Ayrıntıları tbl.; grf.
Boyutlar 27 sm.
490 ## - SERİSİ TABLOSU
Seri Beyanı Toplumsal cinsiyet eşitliği ve ilköğretime ilişkin rapor
Hacim / Ardışık Tanımı 2
650 ## - KONU KATMA GİRİŞ - TOPİKAL DÖNEM
Topikal Süreli Veya Coğrafi Ad Giriş Elemanı Erkek çocuklarının eğitimi
Genel Alt Bölümü Raporlar, 2005
650 ## - KONU KATMA GİRİŞ - TOPİKAL DÖNEM
Topikal Süreli Veya Coğrafi Ad Giriş Elemanı Kız çocuklarının eğitimi
Genel Alt Bölümü Raporlar, 2005
650 ## - KONU KATMA GİRİŞ - TOPİKAL DÖNEM
Topikal Süreli Veya Coğrafi Ad Giriş Elemanı İlköğretim
Genel Alt Bölümü Cinsiyet eşitliği
Kronolojik Alt Bölümü Raporlar, 2005
710 ## - KATMA GİRİŞ - KURUMSAL ADI
Giriş Elemanı Olarak Kurumsal Ad Veya Yargı Alanı Adı United Nations Children's Fund (UNICEF)
942 ## - EKLENDİ GİRİŞ ELEMANLARI (KOHA)
Sınıflandırma Veya Raf Düzeni Kaynak
Koha Öğesi Türü Books
999 ## - SİSTEM KONTROL NUMARALARI (KOHA)
Koha Biblionumber 8787
Koha Biblioitemnumber 8787
Holdings
Kalıcı Konum Mevcut Konum Edinme Tarihi Edinim Kaynak Toplam Check-Out'Lar Tam Çağrı Numarası Barkod Tarih Son Görülme İtibaren Geçerli Fiyatlar Koha Öğesi Türü
CHP Kütüphanesi CHP Kütüphanesi 02/13/2017 Bağış   372.104 Ç61 2005 012427 02/13/2017 02/13/2017 Books